Quyền sở hữu trí tuệ= Focus on intellectual rights
Zapisane w:
| Format: | Książka |
|---|---|
| Język: | Undetermined |
| Wydane: |
Hà Nội
Nhà xuất bản Từ điển Bách Khoa
2006
|
| Hasła przedmiotowe: | |
| Etykiety: |
Dodaj etykietę
Nie ma etykietki, Dołącz pierwszą etykiete!
|
| Thư viện lưu trữ: | Trung tâm Học liệu Trường Đại học Cần Thơ |
|---|
| LEADER | 00547nam a2200169Ia 4500 | ||
|---|---|---|---|
| 001 | CTU_116443 | ||
| 008 | 210402s9999 xx 000 0 und d | ||
| 082 | |a 346.597048 | ||
| 082 | |b Qu527 | ||
| 245 | 0 | |a Quyền sở hữu trí tuệ= | |
| 245 | 0 | |b Focus on intellectual rights | |
| 245 | 0 | |c Nhiều tác giả | |
| 260 | |a Hà Nội | ||
| 260 | |b Nhà xuất bản Từ điển Bách Khoa | ||
| 260 | |c 2006 | ||
| 650 | |a Intangible property,Intellectual property | ||
| 980 | |a Trung tâm Học liệu Trường Đại học Cần Thơ | ||